000 00338nam a2200133Ia 4500
005 20260328104327.0
008 260328s9999||||xx |||||||||||||| ||und||
100 _aBehm, Maaike
245 0 _a25 Buildings You Should Have Seen :
_b Amsterdam /
_cMaaike Behm
260 _bArcam
300 _a143 p.
650 _aARQUITECTURA
942 _cBK
999 _c11557
_d11557